| 000 | 01282nam2a22002411 4500 | ||
|---|---|---|---|
| 001 | RU\NLR\INFOCOMM18\1000237587 | ||
| 005 | 20250617035424.0 | ||
| 035 | _a(NLR Aleph) 002428148 | ||
| 090 |
_a1968291 _c1968291 |
||
| 100 | _a20050126d1970 |||y0rusy50 ca | ||
| 101 | 0 | _arus | |
| 102 | _aRU | ||
| 105 | _ay ||||||||| | ||
| 200 | 1 | _aПроцессы рафинирования сложнолегированных сталей и сплавов в вакуумных печах | |
| 210 |
_d1970 _aБ. м. |
||
| 461 | 0 |
_1001RU\NLR\INFOCOMM18\1000237586 _12001#$aЧерная металлургия$eОбзор. информ.$hСерия 26$iЭлектросталеплавильное производство$fЦНИИ информации и техн.-экон. исслед. черной металлургии$v1970, №1 _91968282 _cМ. _d1970-1981 _fЦНИИ информации и техн.-экон. исслед. черной металлургии _hСерия 26 _iЭлектросталеплавильное производство _oОбзор. информ. _tЧерная металлургия _v1970, №1 |
|
| 801 | 1 |
_aRU _bInfoComm _c20050126 |
|
| 801 | 0 |
_aRU _bNLR _gPSBO |
|
| 852 |
_aNLR _jП10/3707 |
||
| 942 | _cISSUE | ||
| 980 | _aNB | ||
| 980 | _aRUSPER | ||